Perfektes Management
Enregistré dans:
| Auteur principal: | |
|---|---|
| Autres auteurs: | , |
| Format: | Livre |
| Langue: | allemand |
| Publié: |
Berlin
Die Wirtschaft
1993
|
| Édition: | 1. Aufl. |
| Sujets: | |
| Tags: |
Pas de tags, Soyez le premier à ajouter un tag!
|
MARC
| LEADER | 00000nam a2200000 4500 | ||
|---|---|---|---|
| 001 | c010250 | ||
| 005 | 20230110103113.0 | ||
| 020 | |a 3-349-00944-1 | ||
| 041 | 0 | |a ger | |
| 044 | |a DE | ||
| 245 | 1 | 0 | |a Perfektes Management |c C.Northcote Parkinson, M.K. Rustomji ; [Z angl. prel.] Günter Wermusch |
| 250 | |a 1. Aufl. | ||
| 264 | 1 | |a Berlin |b Die Wirtschaft |c 1993 | |
| 300 | |a 195 s. | ||
| 610 | 2 | 0 | |a manažment |
| 610 | 2 | 0 | |a riadenie podnikové |
| 610 | 2 | 0 | |a organizácia práce |
| 610 | 2 | 0 | |a práca s ľuďmi |
| 610 | 2 | 0 | |a manažment personálny |
| 610 | 2 | 0 | |a kontrola |
| 100 | 1 | |a Parkinson, C. Northcote | |
| 700 | 1 | |a Rustomji, M.K. | |
| 700 | 1 | |a Wermusch, Günter | |